000 00609nam a22002057a 4500
999 _c7025
_d7025
003 OSt
005 20210825124709.0
008 210825b ||||| |||| 00| 0 eng d
020 _a0521275946
040 _cDDC
082 _a599REP1984
100 _aAustin,C.R;Frs,Short.R.V;
_914432
245 _aReproduction in mammals:
_bHormonal Control of reproduction
_cAustin,C.R;Frs,Short.R.V;
250 _a2nd ed,
_bBook 3
260 _aUk,
_bCambridge University Press.
_c1984.
300 _axi,244p;
_bill;
_c26cm.
504 _aincludes index and references.
650 _aBiology.
_95602
942 _2ddc
_cO_SHELF